000 00807nam a2200241 a 4500
999 _c658
_d658
005 20191217041555.0
008 140221b1991 ck do|||r|||| 00| 0 spa d
040 _aCO-BoIAVH
_cCO-BoIAVH
041 0 _aspa
044 _ack
082 _aIND-
_b74
110 2 _aInderena
245 1 _aEstación forestal La Florida :
_b10 años
_cInderena
260 _aBogotá :
_bInderena,
_c1991.
300 _a29 páginas :
_bgráficas y fotografías a color ;
_c24 x 17 cm.
504 _aIncluye referencias bibliográficas.
650 2 6 _aViveros forestales
650 2 6 _aPlantaciones forestales
650 2 6 _aBanco de semillas del suelo
650 2 6 _aReservas forestales
_xInvestigación
662 _aColombia
_cEstación Forestal La Florida
_bCundinamarca
942 _cLIBRO
_2z